| 000 | 01009nam0a2200301 4500 | ||
|---|---|---|---|
| 001 | RU\NLR\BIBL_A\012747823 | ||
| 005 | 20250624141900.0 | ||
| 010 | _93100 | ||
| 035 | _a(NLR Aleph) 012747823 | ||
| 090 |
_a13308070 _c13308070 |
||
| 100 | _a20220401d1931 |||y0rusy50 ca | ||
| 101 | 0 | _achv | |
| 102 | _aRU | ||
| 105 | _ay z 000 y | ||
| 181 | 0 |
_ai _baxxe |
|
| 182 | 0 | _an | |
| 200 | 1 |
_aÇирěплетсе вăйлăлатас _e(ПСК(п)П-ин XVI-мěш сйесě аваллăха туртакан тěне хирěç мěн йышăннă) _fСах. Крайӈук |
|
| 203 |
_aТекст _bвизуальный _cнепосредственный |
||
| 210 |
_aШупашкар _cЧӑвашсен патшалах ист-ви _d1931 |
||
| 215 |
_d18 _a27,[1] с. |
||
| 541 | 1 |
_aЗакрепить и развить _zrus |
|
| 686 | 1 | _aУ9(2)43 | |
| 686 | 1 | _aУ9(2)43 | |
| 700 | 1 |
_aКрайнюк _bС. _4070 |
|
| 852 |
_aNLR _bОНЛ _jЧув./2-2605 |
||
| 942 | _cBOOK | ||
| 980 | _aNB | ||